1990 1788 1529 1980 1768 1560 1530 1114 1602 1802 1192 1945 1630 1087 1047 1516 1657 1815 1667 1164 1994 1722 1325 1315 1656 1494 1767 1359 1648 1958 1365 1732 1778 1207 1341 1881 1095 1859 1437 1347 1291 1942 1280 1454 1746 1624 1886 1133 1903 1108 1713 1579 1590 1229 1611 1120 1418 1961 1362 1628 1827 1220 1607 1376 1695 1754 1474 1215 1770 1091 1020 1282 1274 1137 1658 1746 1016 1198 1318 1133 1059 1420 1219 1598 1079 1369 1903 1539 1895 1814 1441 1037 1524 1081 1810 1856 1101 1403 1911 BCNSPRNW ULIB Ver.6.0+V

เปลี่ยนเป็นภาษาไทย

Change to English
 แสดงรายละเอียดบรรณานุกรม
  กลับหน้าหลัก

Brief Record : Get Marc (ISO 2709) : E-mail record : QR code < ปิดหน้าต่าง
LEADER : 00000nam 2200000uu 4500
001    13399114085
003     ULIB
008    120216s2547||||th 000 0 tha d
020    ^a9749193873
060 04 ^aWA395^bอ692ม 2547
100 0  ^aอำพล จินดาวัฒนะ
245 10 ^aมองทะลุ 30 บาทรักษาทุกโรคหลักประกันสุขภาพถ้วนหน้า /^cโดยอำพล จินดาวัฒนะ, สุรณี พิพัฒน์โรจนกมล
250    ^aพิมพ์ครั้งที่ 1
260    ^aกรุงเทพฯ :^bโครงการสวัสดิการวิชาการ สถาบันพระบรมราชชนก,^c2547
300    ^a105 หน้า ;^c21 ซม.
650  7 ^aค่าบริการทางแพทย์
650  7 ^aโครงการ 30 บาทรักษาทุกโรค
650  7 ^aบริการการพยาบาล
650  7 ^aบริการทางการแพทย์
650  7 ^aประกันสุขภาพ
650  7 ^aสวัสดิการด้านการรักษาพยาบาล
700 0  ^aสุรณี พิพัฒน์โรจนกมล
710 2  ^aสถาบันพระบรมราชชนก. ^bโครงการสวัสดิการวิชาการ
945    ^p80^l0^i13141
945    ^p80^l0^i13142
945    ^p80^l0^i13143
995    ^aกัณชพร
999    ^aใช้งานได้ทุกระบบ
รายการนี้ยังไม่มีแท็ก
คุณยังไม่ได้ล็อกอิน คุณสามารถมีกิจกรรมร่วมกับเว็บไซต์ได้ แต่ต้องล็อกอินก่อน ::
  ล็อกอิน

รายการสื่อสารสนเทศ

ลำดับที่ ประเภท เลขเรียก/บาร์โค้ด สถานที่ สถานะ
- ไม่พบข้อมูล -

รายการใกล้เคียง
    ผู้แต่ง [อำพล จินดาวัฒนะ]

    หัวเรื่อง [ค่าบริการทางแพทย์]
    หัวเรื่อง [โครงการ 30 บาทรักษาทุกโรค]
    หัวเรื่อง [บริการการพยาบาล]
    หัวเรื่อง [บริการทางการแพทย์]
    หัวเรื่อง [ประกันสุขภาพ]
    หัวเรื่อง [สวัสดิการด้านการรักษาพยาบาล]

BibComment


ยังไม่เคยถูกคอมเมนท์

คอมเมนท์ทรัพยากรรายการนี้
  คอมเมนท์: มองทะลุ 30 บาทรั..


 Copyright 2026. Bcnsprnw @Library